01858nab a2200229 i 4500003000900000005001700009008004100026040001800067072000800085072000800093100003000101100002600131245003900157500005600196520106600252650001201318650001401330650002201344650001001366773017401376856007801550BR-BrBNA20250422142856.0250422b2017 bl.qr|pooa||| 00| 0 por | aBR-BrBNAbpor aF70 aF50 aCanalli, Yasmin de Mello  aBove, Claudia Petean  aFlora do Rio de Janeiro: Typhaceae aPublicação on-line; 10 ref.; Summaries (En, Pt) a Resumo O presente estudo tem como objetivo contribuir para o conhecimento das espécies da família Typhaceae Juss. ocorrentes no estado do Rio de Janeiro. O trabalho tem por base a análise morfológica de materiais depositados em herbários e coletas de campo, além da compilação de dados de literatura. Foi registrada uma espécie: Typha domingensis. Descrições, ilustrações, dados sobre hábitat e distribuição geográfica da espécie são apresentados. Palavras-chave: Sudeste do Brasil, taxonomia, planta aquática, taboa. Abstract This study aims to contribute to the knowledge of Typhaceae Juss. family species occurring in the state of Rio de Janeiro. The work is based on the morphological analysis of materials deposited in herbarium collections and field, besides the literature data collection. One was recorded species: Typha domingensis. Descriptions, illustrations, data on habitat and geographical distribution of the species are presented. Key words: Brazil's Southeast, taxonomy, aquatic plant, cattail. aSUDESTE aTAXONOMIA aPLANTA AQUÁTICA aTABOA0 0709dRio de Janeiro-RJ Jardim Botanico do Rio de Janeiro 1935o2025-2514tRodriguésia (Brazil)x0370-6583; 2175-7860 on-linegv. 68(1) p. 111-113; (2017)wBR2025000737 uhttps://www.scielo.br/j/rod/a/GWDfrfzNJWFWMKj76JqDH6J/?format=pdf&lang=pt